000
00303nam a22001337a 4500
008
170911b xxu||||| |||| 00| 0 eng d
020
_a
9780321595218
041
_a
eng
080
_2
6TH
_a
91
100
_a
42
101
_a
GJEO
245
_a
ELEMENTAL GEOSYSTEMS
_c
CHRISTOPHERSON,R.W
942
_2
udc
_c
BK
999
_c
26977
_d
26977